| 000 | 00450nam a2200169Ia 4500 | ||
|---|---|---|---|
| 008 | 230711s9999||||xx |||||||||||||| ||und|| | ||
| 020 | _a978-81-7409-120-8 | ||
| 041 | _aENG | ||
| 082 |
_a628.1 _bGA-W |
||
| 100 | _aGarg Santosh Kumar | ||
| 245 | 0 | _aWater Supply Engineering: Environmental Engineering Vol- I | |
| 250 | _a35th Ed. | ||
| 260 |
_c2022 _aNew Delhi _bKhanna Publishers |
||
| 300 | _a1088p. | ||
| 650 | _aCivil Engineering | ||
| 942 | _cBK | ||
| 999 |
_c6921 _d6921 |
||